000 00813nam a22002537a 4500
999 _c64586
_d64586
003 OSt
005 20240530110739.0
008 180910s1989 ua g b 000 0 ara d
017 _a9150
_bمصر. دار الكتب
020 _a9772151189
040 _aEG-CaGPL
_cEG-CaGPL
082 0 4 _221
_a150.1 /
_bم ش
100 0 _aمعتز سيد عبدالله
245 1 2 _aالشخصية الانبساطية /
_cمعتز سيد عبدالله
250 _aط.1
260 _aالقاهرة :
_bدار غريب للطباعة والنشر
300 _a358 ص. ؛
_c24 سم.
504 _aيشتمل على ارجاعات ببليوجرافية
650 0 7 _2qrmak
_aالشخصية
650 0 7 _2qrmak
_aالسعادة
651 _2qrmak
942 _2ddc
_cBK